POKOK-POKOK untuk menghias bandar, kawasan perumahan dan lebuhraya

Bibliographic Details
Corporate Author: Malaysia
Format: Book
Published: Kuala Lumpur : Jabatan Perhutanan Semenanjung Malaysia , 1983
Subjects:

MARC

LEADER 00000cam a2200000 7i4500
001 0000000165
005 20050516.0
090 0 0 |a JPSM635.977   |b POK 1983 
245 0 0 |a POKOK-POKOK untuk menghias bandar, kawasan perumahan dan lebuhraya 
260 0 0 |a Kuala Lumpur :   |b Jabatan Perhutanan Semenanjung Malaysia ,   |c 1983 
300 |a viii, 31 p. :   |b col. ill. ;   |c 26 cm. 
650 0 0 |a Plants, Ornamental 
650 0 0 |a Trees in cities 
710 1 1 |a Malaysia ,   |c Jabatan Perhutanan Semenanjung Malaysia 
998 |a JPSM 
999 |a 0000001330   |b Monograph   |c Open Shelf   |e Default branch